000
00336nam a2200145Ia 4500
005
20251222154400.0
008
251222s9999||||xx |||||||||||||| ||spa||
020
_a
8422656647
082
_a
813.52/G74/1995
100
_a
Gordon, Noah
245
0
_a
La Doctora Cole
250
_a
1ra. ed.
264
_b
Ediciones B, S.A.
942
_c
LIB
999
_c
35253
_d
35253